00254nam a22000977a 4500008004100000082001800041100000900059245007000068260000900138300000900147230703b xxu||||| |||| 00| 0 eng d a346.013bNCSK cNCSK a1992 State Legislative Summary: Children, Youth and Family Issues bNCSK a150p